| 000 | 00745nam a2200229 u 4500 | ||
|---|---|---|---|
| 005 | 20240309063632.0 | ||
| 008 | 190225s2008 mx r 000 0 spa d | ||
| 020 | _a9789689395119 | ||
| 035 | _aUPN01000229259 | ||
| 049 | _aI | ||
| 050 | 4 |
_aRA784 _bD6.2 |
|
| 100 | 1 |
_aDomínguez Cruz, María de Lourdes, _d1964- _940984 |
|
| 245 | 1 | 0 |
_aAlimentarnos / _ctexto e il. Ma. Lourdes Domínguez Cruz. |
| 260 |
_aMéxico : _bVanguardia Educativa, _cc2008. |
||
| 300 |
_a[15] p. : _bprincipalmente il. col. |
||
| 440 | 0 | _aSol y luna de papel | |
| 650 | 4 |
_aNUTRICION - _vLITERATURA INFANTIL _924963 |
|
| 650 | 4 |
_aAlimentos _vLiteratura infantil _921621 |
|
| 650 | 7 |
_aLibros ilustrados para niños _2 _921365 |
|
| 905 | _aInfantil | ||
| 999 |
_c201354 _d201354 |
||